header

Fashion, work, and politics in modern France (Record no. 202944)

MARC details
000 -LEADER
fixed length control field 01369nam a22003614a 4500
082 04 - DEWEY DECIMAL CLASSIFICATION NUMBER
Classification number 391.50944
100 1# - MAIN ENTRY--AUTHOR NAME
Personal name Zdatny, Steven M.
245 10 - TITLE STATEMENT
Title Fashion, work, and politics in modern France
250 ## - EDITION STATEMENT
Edition statement 1st ed.
260 ## - PUBLICATION, DISTRIBUTION, ETC. (IMPRINT)
Place of publication New York :
Name of publisher Palgrave Macmillan,
Year of publication 2006.
300 ## - PHYSICAL DESCRIPTION
Number of Pages xv, 325 p. :
Other physical details ill.
650 #0 - SUBJECT ADDED ENTRY--TOPICAL TERM
Topical Term Hairdressing
Topical Term Hairstyles
Topical Term Beauty, Personal
856 40 - ELECTRONIC LOCATION AND ACCESS
Uniform Resource Identifier http://site.ebrary.com/lib/rucke/Doc?id=10150447

No items available.

© 2026 Rongo University
Contact us: librarian | system librarian | Rongo university